Politique Française en B - Statistiques

Statistiques générales
  • Ce quiz a été pris 351 fois
  • Le résultat moyen est 8 sur 10
Statistiques - réponses
Hint Réponse % Correct
Ancien fort parisien reconverti en prison, prise le 14 juillet 1789 et détruite par la suite. Bastille
96%
Président du Mouvement Démocrate (MODEM) depuis 2007, ancien député européen et Garde des Sceaux François Bayrou
96%
Président du Rassemblement National (RN) depuis 2021, député européen Jordan Bardella
96%
Bâtiment accueillant l’Assemblée Nationale depuis 1879, Palais ______ Palais Bourbon
93%
Ancienne actrice et mannequin française engagée pour les droits des animaux et proche de l’extrême droite Brigitte Bardot
86%
Ancien avocat et Garde des Sceaux de 1981 à 1986, fervent partisan de l’abolition de la peine de mort Robert Badinter
84%
Ancien Premier Ministre et Ministre de l’économie, membre du RPR et candidat malheureux à l’élection présidentielle de 1995. Edouard Balladur
59%
Ancien Ministre du Travail des gouvernements Fillon, Président du conseil régional des Hauts-de-France et candidat à la primaire de la droite pour l’élection présidentielle de 2022 Xavier Bertrand
55%
Ancien maire de Lyon et Premier Ministre sous la présidence de Valéry Giscard d’Estaing de 1976 à 1981 Raymond Barre
48%
Pays dans lequel François Mitterrand est soupçonné d’avoir participé à l’assassinat du président en 1987 Burkina Faso
44%
Aucun quiz correspondant
Distribution des résultats
% des personnes avec chaque résultat
Percentile par nombre de réponses
Votre historique - résultats
Vous n’avez pas pris ce quiz